Loading...
| Philosophy | 0 | 10 | 1 | 1 | 95 | 67 | 108.20 | 0 | 4 | 0.00 | 0.00 |
| Literature - European | 0 | 8 | 0 | 0 | 80 | 105 | 118.75 | 0 | 2 | 0.00 | 0.00 |
| Literature - American | 0 | 8 | 2 | 0 | 70 | 52 | 114.63 | 0 | 2 | 0.00 | 0.00 |
| Literature - World | 0 | 7 | 0 | 2 | 70 | 82 | 116.71 | 0 | 1 | 0.00 | 0.00 |
| Literature - British | 0 | 7 | 1 | 0 | 65 | 77 | 106.14 | 2 | 3 | 0.00 | 0.00 |
| Fine Arts - Painting & Sculpture | 0 | 6 | 1 | 0 | 55 | 15 | 83.83 | 2 | 4 | 0.00 | 0.00 |
| Science - Physics | 0 | 6 | 1 | 0 | 55 | 46 | 102.17 | 1 | 3 | 0.00 | 0.00 |
| Fine Arts - Other | 0 | 4 | 0 | 0 | 40 | 85 | 119.00 | 1 | 1 | 0.00 | 0.00 |
| Fine Arts - Classical Music | 0 | 4 | 1 | 0 | 35 | 90 | 107.25 | 0 | 1 | 0.00 | 0.00 |
| Other Academic | 0 | 3 | 0 | 0 | 30 | 47 | 65.67 | 2 | 3 | 0.00 | 0.00 |
| History - Other | 0 | 3 | 0 | 1 | 30 | 62 | 90.33 | 1 | 2 | 0.00 | 0.00 |
| Religion | 0 | 3 | 0 | 0 | 30 | 93 | 111.33 | 0 | 1 | 0.00 | 0.00 |
| History - American | 0 | 4 | 2 | 2 | 30 | 34 | 85.00 | 2 | 2 | 0.00 | 0.00 |
| Social Science | 0 | 3 | 1 | 1 | 25 | 46 | 89.00 | 1 | 2 | 0.00 | 0.00 |
| Mythology | 0 | 2 | 0 | 0 | 20 | 77 | 96.00 | 0 | 1 | 0.00 | 0.00 |
| Geography | 0 | 2 | 0 | 0 | 20 | 123 | 136.00 | 0 | 0 | 0.00 | 0.00 |
| Science - Other | 0 | 2 | 0 | 0 | 20 | 92 | 92.50 | 0 | 1 | 0.00 | 0.00 |
| Science - Chemistry | 0 | 2 | 1 | 1 | 15 | 87 | 106.00 | 0 | 0 | 0.00 | 0.00 |
| History - World | 0 | 3 | 3 | 1 | 15 | 83 | 104.00 | 1 | 1 | 0.00 | 0.00 |
| History - European | 0 | 2 | 2 | 1 | 10 | 48 | 87.00 | 0 | 1 | 0.00 | 0.00 |
| Science - Biology | 0 | 1 | 0 | 0 | 10 | 67 | 67.00 | 0 | 1 | 0.00 | 0.00 |